000 00607nam a22001457a 4500
020 _a978-0-439-43894-0
082 _a823
_bTHA/T
100 _aTHALER, MIKE
245 _aTHE TALEN HOW FROM THE BLACK LAGOON
260 _aLONDON
_bSCHOLASTIC INC
_c2003
300 _a64
520 _aIn the story The Talent Show From the Black Lagoon a boy goes to school and the teacher said they they were doing a talent show. The boy doesn't know what to do for the talent show. His mother said to play the piano. The boy had a bad dream about playing the piano at the talent show.
650 _aSHORT STORY
942 _cBK
999 _c6590
_d6590